Practical Psychology in Construction Management (Record no. 3124)
[ view plain ]
| 000 -LEADER | |
|---|---|
| fixed length control field | 00369nam a22001337a 4500 |
| 008 - FIXED-LENGTH DATA ELEMENTS--GENERAL INFORMATION | |
| fixed length control field | 250423b |||||||| |||| 00| 0 eng d |
| 020 ## - INTERNATIONAL STANDARD BOOK NUMBER | |
| ISBN | 0442252986 |
| 100 ## - MAIN ENTRY--AUTHOR | |
| Author | MELVIN, Tom P.E |
| 245 ## - TITLE STATEMENT | |
| Title | Practical Psychology in Construction Management |
| 260 ## - PUBLICATION, DISTRIBUTION, ETC. (IMPRINT) | |
| Place of publication | U.S.A |
| Name of publisher | Litton Educational Publication Inc. |
| Date of publication | 1999 |
| 300 ## - COLLATION | |
| Pagination | Vii, 407p. |
| 942 ## - ADDED ENTRY ELEMENTS (KOHA) | |
| Item type | Books |
| 050 ## - LIBRARY OF CONGRESS CALL NUMBER | |
| Classification number | HD9715 |
| Item number | .M45 |
| Source of classification or shelving scheme | Not for loan | Permanent location | Current location | Date acquired | Accession No. | Full call number | Barcode. | Koha item type |
|---|---|---|---|---|---|---|---|---|
| Library of Congress Classification | Samuel Ogbemudia Main Library, University of Abuja | Samuel Ogbemudia Main Library, University of Abuja | 04/23/2025 | 92-008566 | HD9715.M45 | 2025-1541 | Books |